| 000 | 01155nam a22003377a 4500 | ||
|---|---|---|---|
| 003 | CHAP | ||
| 005 | 20220329142317.0 | ||
| 008 | 000607d1999 mx r 00110 spa d | ||
| 010 | _a81458 | ||
| 011 | _a82430 | ||
| 035 | _a92925 | ||
| 040 | _cCHAP | ||
| 090 | _aTesis | ||
| 100 | 0 | 0 |
_aMedrano Gordillo, Raúl. _974135 |
| 245 | 1 | 0 |
_aSelección para la domesticación y el mejoramiento de las abejas africanas _c/por Raúl Medrano Gordillo |
| 260 |
_aMontecillo, Méx. : _bEl autor, _c1999. |
||
| 300 | _a72 h. | ||
| 502 | _aTesis (M.C. Esp. en Genética) -- C.P. Instituto de Recursos Genéticos y Productividad | ||
| 590 |
_aALEPH _b10 _c20130110 _lUCH01 _h1436 |
||
| 590 |
_aBATCH-UPD _b10 _c20130110 _lUCH01 _h0710 |
||
| 590 |
_aBATCH-UPD _b10 _c20130410 _lUCH01 _h0356 |
||
| 590 |
_aBATCH-UPD _b10 _c20130914 _lUCH01 _h1809 |
||
| 590 |
_aCONVERSION _b10 _c20130109 _lUCH01 _h1345 |
||
| 650 | 1 | 4 |
_aAbejas africanas. _9194 |
| 650 | 1 | 4 |
_aAbejas _xMejoramiento. _9189 |
| 901 | _aBK | ||
| 905 | _aAlejandra Carrasco M. | ||
| 942 | _cFOLL | ||
| 949 |
_bBC _cTES _d33724000783478 _eTS2 _fc.2 _h36423 _i92925 _si |
||
| 949 |
_bBC _cTES _d929251 _eTS1 _h36422 _i92925 _sb |
||
| 999 |
_c81458 _d81458 |
||